Olympics medal table - Fencing - Statistics

General Stats
  • This quiz has been taken 57 times
  • The average score is 12 of 15
Answer Stats
Total Gold Silver Bronze Nation % Correct
123 44 43 36 France
98%
130 49 46 35 Italy
94%
26 13 5 8 Russia
94%
33 4 11 18 United States
94%
9 1 8 0 Great Britain
92%
15 5 7 3 China
86%
16 7 8 1 West Germany
86%
21 5 7 9 Germany
84%
90 38 24 28 Hungary
84%
16 5 3 8 South Korea
80%
49 18 15 16 Soviet Union
78%
22 4 9 9 Poland
67%
10 3 3 4 Belgium
61%
17 4 6 7 Romania
57%
10 4 3 3 Cuba
31%
No matching quizzes found
Score Distribution
Percent of People with Each Score
Percentile by Number Answered
Your Score History
You have not taken this quiz